Schnelle Mathematik - Zahlen im Hexadezimalsystem Level 07 - Statistiken

Allgemein
  • Dieses Quiz wurde 69 mal gespielt
  • Das Durchschnittsergebnis liegt bei 19 aus 30
Antwortstatistiken
Nummer % Korrekt
1
100%
2
100%
3
93%
4
93%
5
93%
6
93%
7
93%
8
93%
9
93%
A
71%
B
71%
C
71%
D
71%
E
71%
F
71%
10
64%
11
50%
12
50%
13
50%
14
50%
15
43%
16
43%
17
43%
18
43%
19
43%
1A
29%
1B
29%
1C
21%
1D
21%
1E
21%
Keine übereinstimmenden Quizze gefunden
Verteilung der Resultate
Anzahl Personen mit jedem Resultat
Perzentil nach korrekt beantworteten Fragen
Ihre Resultats-Entwicklung
Sie haben dieses Quiz noch nicht gespielt